ARRUPE JESUIT UNIVERSITY

CORONAVIRUS -STOP THE SPREAD - CLEAN,DISINFECT,COVER

The Phenomenology of the Social World (Record no. 37411)

MARC details
000 -LEADER
fixed length control field 00530nam a2200181Ia 4500
003 - CONTROL NUMBER IDENTIFIER
control field 0100
005 - DATE AND TIME OF LATEST TRANSACTION
control field 20150914120726.0
008 - FIXED-LENGTH DATA ELEMENTS--GENERAL INFORMATION
fixed length control field 130303s9999 xx 000 0 und d
040 ## - CATALOGING SOURCE
Transcribing agency ARRUPELIB
050 ## - LIBRARY OF CONGRESS CALL NUMBER
Classification number HM57.S413 1967
100 ## - MAIN ENTRY--PERSONAL NAME
Personal name Schutz, Alfred
9 (RLIN) 19873
245 #4 - TITLE STATEMENT
Title The Phenomenology of the Social World
260 ## - PUBLICATION, DISTRIBUTION, ETC. (IMPRINT)
Name of publisher, distributor, etc Northwestern UP
Date of publication, distribution, etc 1967
300 ## - PHYSICAL DESCRIPTION
Extent 255p
650 ## - SUBJECT ADDED ENTRY--TOPICAL TERM
Topical term following geographic name as entry element Aristotle
9 (RLIN) 19874
700 ## - ADDED ENTRY--PERSONAL NAME
Personal name Translated by George Walsh and Frederick Lehnert, with an Introduction by George
9 (RLIN) 19875
942 ## - ADDED ENTRY ELEMENTS (KOHA)
Source of classification or shelving scheme Library of Congress Classification
Koha item type Monograph ( Printed materials)
Holdings
Withdrawn status Lost status Source of classification or shelving scheme Damaged status Not for loan Collection code Home library Current library Shelving location Date acquired Total Checkouts Full call number Barcode Date last seen Copy number Price effective from Koha item type Date checked out
    Library of Congress Classification     Main Collection ARRUPE LIBRARY ARRUPE LIBRARY Main Collection 04/03/2013   HM57.S413 1967 46500004290 30/04/2018 1 04/03/2013 Monograph ( Printed materials)  
    Library of Congress Classification     Main Collection ARRUPE LIBRARY ARRUPE LIBRARY   04/03/2013 2 HM57.S413 1967 46003044284 15/03/2019 2 04/03/2013 Monograph ( Printed materials) 18/02/2019

 

Arrupe Library. PO Box MP320 Mt Pleasant, Harare, Zimbabwe
263 242 745411|librarian@aju.ac.zw